000 00671nam a2200217Ii 4500
001 11626
003 CO-ViMGA
008 241108s9999||||xx |||||||||||||| ||und||
020 _a9583005428
040 _aCO-ViMGA
_bspa
_erda
_cCO-ViMGA
041 0 _aunk
082 0 4 _a925-L69u
100 1 _aLozano, Pilar,
_d1951-
_937277
245 1 0 _aManuel Uribe Angel:
_bEl médico y geógrafo que amó a su país
264 1 _a[Lugar de publicación no identificado] : Colciencias, 1998
300 _avolumen
336 _atext
_btxt
_2rdacontent
337 _aunmediated
_bn
_2rdamedia
338 _avolume
_bnc
_2rdacarrier
940 _aidficha_siabuc: 11351. -- ficha_no_siabuc:11626
999 _c53652
_d53652